| 000 | 00797nam a2200253Ia 4500 | ||
|---|---|---|---|
| 003 | OSt | ||
| 005 | 20220918201320.0 | ||
| 006 | a|||||r|||| 00| 0 | ||
| 007 | ta | ||
| 008 | 220917b |||||||| |||| 00| 0 eng d | ||
| 024 | _a93,070 | ||
| 037 | _cTextual | ||
| 040 |
_aARTS _cARTS _beng |
||
| 041 |
_2eng _aeng |
||
| 082 | _aV2x, K5 | ||
| 100 |
_aMetraux Guy S _998082 |
||
| 245 | 0 | _aStudies in the cultural history of India | |
| 260 |
_aAgra _bShiva Lal India _c1965 |
||
| 500 | _aPublished under the auspics of UNESCO International commission for a history of the scienfific and cultural development of mankind | ||
| 650 | _aHISTORY | ||
| 700 |
_a Crouzet Francois _998083 |
||
| 942 |
_hV2x, K5 _cTEXL _2CC |
||
| 999 |
_c216718 _d216718 |
||